000 00859nam a2200217Ia 4500
999 _c39711
_d39711
001 6316
003 GE_BSU
005 20191023152537.0
008 181216s1945||||ge |||||||||||||| ||geo||
040 _cGE_BSU
041 _ageo
080 _a821.353.1-11 ბ-25
100 _aბარათაშვილი, ნიკოლოზ
_94936
245 _aბედი ქართლისა :
_bპოემა /
_cნიკოლოზ ბარათაშვილი ; რედ. კ. ჭანტურიშვილი.
264 _aთბილისი :
_bსაბლიტგამი ;
_c1945.
300 _a24 გვ. :
_bილ. ;
_c19 სმ.
653 _aბედი ქართლისა
653 _aპოემა
700 _aჭანტურიშვილი, კ.
_eრედაქტორი
_94662
942 _cBK
_2udc